Top 20 Most Populated Countries - Statistics

General Stats
  • This quiz has been taken 53 times
  • The average score is 18 of 20
Answer Stats
pop. Country % Correct
207,353,392 Brazil
100%
1,379,302,784 China
100%
1,281,935,872 India
100%
124,574,792 Mexico
100%
326,625,792 United States
100%
260,580,739 Indonesia
98%
204,294,864 Pakistan
98%
142,257,520 Russia
98%
157,826,576 Bangladesh
96%
126,451,400 Japan
96%
190,632,256, Nigeria
94%
80,594,016 Germany
92%
97,041,071 Egypt
90%
104,256,080 Philippines
90%
80,845,216 Turkey
90%
105,350,016 Ethiopia
86%
68,414,136 Thailand
86%
96,160,160 Vietnam
84%
82,021,568 Iran
82%
83,301,152 Congo.D.R
26%
No matching quizzes found
Score Distribution
Percent of People with Each Score
Percentile by Number Answered
Your Score History
You have not taken this quiz